| 000 | 01168cam a22003375a 4500 | ||
|---|---|---|---|
| 001 | 13711410 | ||
| 003 | NUST - PNEC | ||
| 005 | 20170116181134.0 | ||
| 008 | 040907s2001 enka b 001 0 eng d | ||
| 010 | _a 2004351729 | ||
| 015 | _aGBA2-40624 | ||
| 020 | _a0750650761 | ||
| 035 | _a(OCoLC)ocm47030836 | ||
| 040 |
_aEYM _cLIBRARY _dTXA _dMIA _dUKM _dDLC |
||
| 042 | _alccopycat | ||
| 082 | 0 | 4 |
_a658.5752 BOO _221 |
| 100 | 1 | _aBooker, J. D. | |
| 245 | 1 | 0 |
_aDesigning capable and reliable products / _cJ.D. Booker, M. Raines, K.G. Swift. |
| 260 |
_aOxford ; _aBoston : _bButterworth Heinemann, _c2001. |
||
| 300 |
_axiv, 400 p. : _bill. ; _c26 cm. |
||
| 504 | _aIncludes bibliographical references (p. [381]-[394]) and index. | ||
| 650 | 0 |
_aReliability (Engineering) _xGeneral |
|
| 650 | 0 | _aIndustrial design. | |
| 650 | 0 | _aManufacturing processes. | |
| 700 | 1 | _aRaines, M. | |
| 700 | 1 | _aSwift, K. G. | |
| 856 | 4 | 1 |
_3Table of contents _uhttp://www.loc.gov/catdir/toc/els051/2004351729.html |
| 856 | 4 | 2 |
_3Publisher description _uhttp://www.loc.gov/catdir/description/els051/2004351729.html |
| 942 |
_2ddc _cBK |
||
| 999 |
_c70134 _d70134 |
||